Fakt oder Fake (Sudden Death) - Statistiken

Allgemein
  • Dieses Quiz wurde 204 mal gespielt
    187 seit der letzten Aktualisierung
  • Das Durchschnittsergebnis liegt bei 2 aus 10
Answers on the Grid
Answers color-coded by a green-red scale on the quiz's grid according to % correct below.
Schneckenschleim leitet Strom
Die Freiheitsstatue stand ursprünglich in Washington
Eisbären sind größtenteils Linkshänder
Blau ist die seltenste Augenfarbe
Wenn man ein Haar isst, bleibt es im Durchschnitt 5-7 Jahre im Magen bevor es verdaut wird.
Haie können an Krebs erkranken
Ein herkömmlicher Kugelschreiber funktioniert auch im Weltall
Eine aus 300m fallende Münze kann einen Menschen töten.
Bananen zählen zu den Beeren
Der Atlantik ist der größte Ozean der Welt
Queen Elisabeth ist im gleichen Jahr geboren wie Marilyn Monroe
Bibi Blocksberg hat einen Bruder namens Boris
Im Januar 2025 brannte das Hollywood Sign
Korallen sterben wenn sie gestresst sind
Eine Maus hat die selbe Anzahl an Halswirbeln wie eine Giraffe
Der Nordpol wurde erst im Jahr 1911 zum ersten mal betreten
Oliver Pocher ist älter als Michael Wendler
Kinder haben mehr Knochen als Erwachsene
Micky Maus wurde von Walt Disney erfunden
Menschen verschlucken im Schlaf durchschnittlich 8 Spinnen pro Jahr
Das größte Schiff, das jemals gebaut wurde ist die Titanik
Sich bei einem Gewitter im Auto zu befinden ist gefährlicher als unter einem Baum
Pferde können sich selbst im Spiegel erkennen
Barcelona hat mehr Einwohner als Berlin
 
Antwortstatistiken
Antwort % Korrekt
Schneckenschleim leitet Strom
53%
Haie können an Krebs erkranken
38%
Bibi Blocksberg hat einen Bruder namens Boris
22%
Queen Elisabeth ist im gleichen Jahr geboren wie Marilyn Monroe
19%
Korallen sterben wenn sie gestresst sind
17%
Bananen zählen zu den Beeren
16%
Kinder haben mehr Knochen als Erwachsene
15%
Eine Maus hat die selbe Anzahl an Halswirbeln wie eine Giraffe
14%
Pferde können sich selbst im Spiegel erkennen
5%
Der Nordpol wurde erst im Jahr 1911 zum ersten mal betreten
4%
Keine übereinstimmenden Quizze gefunden
Verteilung der Resultate
Anzahl Personen mit jedem Resultat
Perzentil nach korrekt beantworteten Fragen
Ihre Resultats-Entwicklung
Sie haben dieses Quiz seit der letzten Aktualisierung nicht gespielt